A career-assessment manual for ministers. (Record no. 16022)

000 -LEADER
fixed length control field 00479nam a2200157 a 4500
001 - CONTROL NUMBER
control field :::00018636$&:&@@
003 - CONTROL NUMBER IDENTIFIER
control field OkBaRHE
005 - DATE AND TIME OF LATEST TRANSACTION
control field 20001115113431.0
008 - FIXED-LENGTH DATA ELEMENTS--GENERAL INFORMATION
fixed length control field s1981 j 000 0 eng u
040 ## - CATALOGING SOURCE
Transcribing agency
100 1# - MAIN ENTRY--PERSONAL NAME
Personal name McGehee, Fred
245 12 - TITLE STATEMENT
Title A career-assessment manual for ministers.
260 ## - PUBLICATION, DISTRIBUTION, ETC. (IMPRINT)
Place of publication, distribution, etc Nashville, Tennessee
Name of publisher, distributor, etc Convention Press
Date of publication, distribution, etc 1981
942 ## - ADDED ENTRY ELEMENTS (KOHA)
Source of classification or shelving scheme
Koha item type Books
Copies
Permanent Location Barcode Damaged status Price effective from Koha item type Full call number Date last seen Lost status Withdrawn status Shelving location Copy number Source of classification or shelving scheme Not for loan Date acquired
RHEMA Bible Training College18636 2010-04-14BooksBV 199 .M42010-04-14  General Stacks1  2010-04-14